| 000 | 00873nam a22002177a 4500 | ||
|---|---|---|---|
| 005 | 20240530110341.0 | ||
| 008 | 141112s2012 le gr 001 0 ara d | ||
| 020 | _a9789953824802 | ||
| 040 | _aEG-CaGPL | ||
| 041 | 0 | _aara | |
| 082 | 0 | 4 |
_221 _a327.116\ _bأ ت |
| 100 | 0 | _aاشرف محمد عبدالحميد كشك | |
| 245 | 1 | 0 |
_aتطور الامن الاقليمى الخليجى منذ عام 2003 : _bدراسة فى تاثير استراتيجية حاف الناتو / _cأشرف محمد عبدالحميد كشك |
| 250 | _aط1 | ||
| 260 |
_aبيروت : _bمركز دراسات الوحدة العربية ، _c2012 |
||
| 300 |
_a384 ص ؛ _c24 سم |
||
| 490 |
_aسلسلة اطروحات الدكتوراه ؛ _v374 |
||
| 650 | 0 | 4 | _aالنظام الاقليمى الخليجى |
| 650 | 0 | 4 |
_aحلف شمال الاطلسى _xالناتو |
| 942 |
_2ddc _cBK |
||
| 999 |
_c59889 _d59889 |
||